书目信息 |
| 题名: |
全程实践教学的理论与实践研究
|
|
| 作者: | 任丽婵 , 李惠 著 | |
| 分册: | ||
| 出版信息: | 长春 吉林大学出版社 2019 |
|
| 页数: | 210页 | |
| 开本: | 24cm | |
| 丛书名: | ||
| 单 册: | ||
| 中图分类: | G658.3 | |
| 科图分类: | ||
| 主题词: | 高等师范院校--教学实践--研究 | |
| 电子资源: | ||
| ISBN: | 978-7-5692-4938-5 | |
| 000 | 01186nam0 2200241 450 | |
| 001 | 012001003836 | |
| 005 | 20130127101941.0 | |
| 010 | @a978-7-5692-4938-5@dCNY59.00 | |
| 100 | @a20190926d2019 em y0chiy50 ea | |
| 101 | 0 | @achi |
| 102 | @aCN@b220000 | |
| 105 | @ay z 000yy | |
| 106 | @ar | |
| 200 | 1 | @a全程实践教学的理论与实践研究@9quan cheng shi jian jiao xue de li lun yu shi jian yan jiu@f任丽婵,李惠著 |
| 210 | @a长春@c吉林大学出版社@d2019 | |
| 215 | @a210页@d24cm | |
| 330 | @a本书的内容包括全程实践教学的理论研究、实施效果、评价方式、发展战略四个部分。第一部分是理论研究,包括第一章绪论,第二章全程实践教学的概述,第三章全程实践教学的理论基础;第二部分是实施效果,包括第四章全程实践教学实施效果调查研究,第五章全程实践教学提升师范生专业能力素质的研究,第六章实习支教对提高大学生实践能力的调查研究,第七章大学生课外实践活动的现状调查等等;第三部分是评价方式,主要为第十章全程实践教学评价的调查研究;第四部分是发展战略,主要为第十一章全程实践教学的发展战略。 | |
| 606 | 0 | @a高等师范院校@x教学实践@x研究 |
| 690 | @aG658.3@v5 | |
| 701 | 0 | @a任丽婵@9ren li chan@4著 |
| 701 | 0 | @a李惠@9li hui@4著 |
| 801 | 0 | @aCN@b江苏凤凰@c20191020 |
| 905 | @b1218863-6@dG658.3@e118@f4 | |
| 全程实践教学的理论与实践研究/任丽婵,李惠著.-长春:吉林大学出版社,2019 |
| 210页;24cm |
| ISBN 978-7-5692-4938-5:CNY59.00 |
| 本书的内容包括全程实践教学的理论研究、实施效果、评价方式、发展战略四个部分。第一部分是理论研究,包括第一章绪论,第二章全程实践教学的概述,第三章全程实践教学的理论基础;第二部分是实施效果,包括第四章全程实践教学实施效果调查研究,第五章全程实践教学提升师范生专业能力素质的研究,第六章实习支教对提高大学生实践能力的调查研究,第七章大学生课外实践活动的现状调查等等;第三部分是评价方式,主要为第十章全程实践教学评价的调查研究;第四部分是发展战略,主要为第十一章全程实践教学的发展战略。 |
| ● |
| 相关链接 |
|
|
|
|
正题名:全程实践教学的理论与实践研究
索取号:G658.3/118
 
预约/预借
| 序号 | 登录号 | 条形码 | 馆藏地/架位号 | 状态 | 备注 |
| 1 | 1218863 | 212188639 | 第一样本阅览室/ [索取号:G658.3/118] | 在馆 | |
| 2 | 1218864 | 212188648 | 教育系资料室/ [索取号:G658.3/118] | 在馆 | |
| 3 | 1218865 | 212188657 | 教育系资料室/ [索取号:G658.3/118] | 在馆 | |
| 4 | 1218866 | 212188666 | 第四借阅区/ [索取号:G658.3/118] | 在馆 |